ՀՀ Գիտությունների ազգային ակադեմիայի հիմնարար գիտական գրադարան  =   Fundamental Scientific Library of NAS RA

Ճոճանակ : (Record no. 96596)

MARC details
000 -LEADER
fixed length control field 00856nam a2200193 u 4500
001 - CONTROL NUMBER
control field 000265794
003 - CONTROL NUMBER IDENTIFIER
control field AM-YeHGA
005 - DATE AND TIME OF LATEST TRANSACTION
control field 20250618071754.0
008 - FIXED-LENGTH DATA ELEMENTS--GENERAL INFORMATION
fixed length control field 030925s1958 ai r 000 0 arm d
040 ## - CATALOGING SOURCE
Original cataloging agency AM-YeHGA
090 ## - LOCALLY ASSIGNED LC-TYPE CALL NUMBER (OCLC); LOCAL CALL NUMBER (RLIN)
-- 97901
100 1# - MAIN ENTRY--PERSONAL NAME
Personal name Բորյան, Գուրգեն Միքայելի,
Dates associated with a name 1915-1971
9 (RLIN) 2541
245 10 - TITLE STATEMENT
Title Ճոճանակ :
Remainder of title [Բանաստեղծություններ] /
Statement of responsibility, etc. Գ. Բորյան; Խմբ.՝ Վ. Տալյան; Նկ.՝ Ս. Սաֆարյան.
260 ## - PUBLICATION, DISTRIBUTION, ETC.
Place of publication, distribution, etc. Երևան :
Name of publisher, distributor, etc. Հայպետհրատ,
Date of publication, distribution, etc. 1958.
300 ## - PHYSICAL DESCRIPTION
Extent [10] էջ :
Other physical details նկ. ;
Dimensions 29 սմ.
650 14 - SUBJECT ADDED ENTRY--TOPICAL TERM
Topical term or geographic name entry element Հայ մանկական գրականություն
General subdivision Բանաստեղծություններ
700 1# - ADDED ENTRY--PERSONAL NAME
Personal name Տալյան, Վարդգես Գրիգորի,
Dates associated with a name 1896-1947
Relator term խմբ.
Relationship edt
9 (RLIN) 1708
700 1# - ADDED ENTRY--PERSONAL NAME
Personal name Սաֆարյան, Սուրեն Սարգսի,
Dates associated with a name 1923-1988
Relator term նկ.
Relationship art
9 (RLIN) 4035
Holdings
Withdrawn status Lost status Damaged status Not for loan Collection Home library Current library Date acquired Total checkouts Full call number Barcode Date last seen Price effective from Koha item type Public note
        General Fundamental Scientific Library Fundamental Scientific Library 22/12/2016   AIII/32 FL0044904 22/12/2016 22/12/2016 Գրքեր / Books 30 Days Loan


ՀՀ ԳԱԱ հիմնարար գիտական գրադարան
ՀՀ,Երևան 0019
Մարշալ Բաղրամյան 24/6
հեռախոս:(374-10) 52-47-50
Հետադարձ կապ

All site content, except where otherwise noted, is licensed under a
Creative Commons License